| 000 | 00581nam a22002057a 4500 | ||
|---|---|---|---|
| 003 | OSt | ||
| 005 | 20140310182936.0 | ||
| 008 | 130201t xxu||||| |||| 00| 0 eng d | ||
| 020 | _a9710412013 | ||
| 050 |
_aDS 668 _b.G216 2010 |
||
| 082 |
_aFIL 959.9 _bG216 2010 |
||
| 245 |
_aPhilippine history and government for college students _cGarcia, Carlito D. |
||
| 260 |
_aMandaluyong City _bBooks Atbp. Publishing _c2010 |
||
| 300 |
_axv, 444 p. _c26 cm. _bill. |
||
| 521 | _acollege students | ||
| 526 | _c1210L-1700L | ||
| 541 | _j1 | ||
| 562 | _e1 | ||
| 942 |
_2lcc _cBK _kFIL |
||
| 999 |
_c17610 _d17610 |
||